000
00281nam a22001217a 4500
008
170504b xxu||||| |||| 00| 0 eng d
041
_a
eng
080
_2
6 ED
_a
34
100
_a
14
101
_a
SHJ
245
_a
ETHICS THEORY AND CONTEMPORARY
_c
MACJIMON.B
942
_2
udc
_c
BK
999
_c
12703
_d
12703